000 00734nam a2200217Ia 4500
008 130821s2009 ck gr spa
020 _a9586169391
040 _aCo-BoUCM
_bspa
041 0 0 _aspa
100 1 _aCortés, Édgar
_9159933
245 1 3 _aLa culpa contractual en el sistema jurídico latinoamericano
_cÉdgar Cortés.
250 _a2a ed.
260 _aBogotá (Colombia)
_bUniversidad Externado de Colombia
_c2009
300 _a288 páginas
650 0 4 _aCulpa jurídica
_zAmérica Latina
_912368
650 0 4 _aDerecho internacional
_912776
650 0 4 _aDerecho privado
_9437
650 0 4 _aResponsabilidad contractual
_923672
942 _cLIBRO
_a8
_e2
_mC831c
_2DEWEY
_h346.03
999 _c39107
_d39107